Indian History Congress: Proceedings of the Twenty-Ninth Session Patiala- 1967. / (Record no. 34363)

MARC details
000 -LEADER
fixed length control field 00670nam a22001817a 4500
003 - CONTROL NUMBER IDENTIFIER
control field BDDh-ASL
005 - DATE AND TIME OF LATEST TRANSACTION
control field 20231015031657.0
008 - FIXED-LENGTH DATA ELEMENTS--GENERAL INFORMATION
fixed length control field 210713s1968 ii ||||| |||| 00| 0 eng d
040 ## - CATALOGING SOURCE
Original cataloging agency BDDh-ASL
Transcribing agency BDDh-ASL
041 ## - LANGUAGE CODE
Language code of text/sound track or separate title english
082 ## - DEWEY DECIMAL CLASSIFICATION NUMBER
Classification number 954
Item number IND
245 00 - TITLE STATEMENT
Title Indian History Congress: Proceedings of the Twenty-Ninth Session Patiala- 1967. /
Statement of responsibility, etc. Published by, Secretry, Indian History Congress.
246 ## - VARYING FORM OF TITLE
Title proper/short title Indian History Congress: Volume-02. Proceeding of the Thirty-Second Session Jabalpur, 1970. /
260 ## - PUBLICATION, DISTRIBUTION, ETC.
Place of publication, distribution, etc. Patna:
Name of publisher, distributor, etc. Patna University,
Date of publication, distribution, etc. 1968.
300 ## - PHYSICAL DESCRIPTION
Extent volumes,:
Dimensions 24 cm.
650 #0 - SUBJECT ADDED ENTRY--TOPICAL TERM
9 (RLIN) 4174
Topical term or geographic name entry element Indian History Congress
General subdivision History
942 ## - ADDED ENTRY ELEMENTS (KOHA)
Source of classification or shelving scheme Dewey Decimal Classification
Koha item type Books
Holdings
Withdrawn status Lost status Source of classification or shelving scheme Damaged status Not for loan Collection code Home library Current library Shelving location Date acquired Source of acquisition Serial Enumeration / chronology Total Checkouts Full call number Barcode Date last seen Copy number Price effective from Koha item type Public note
    Dewey Decimal Classification     Non-fiction Asiatic Society Library Asiatic Society Library General Stacks 07/08/2023 ASB Library Collection P-1   954 IND 124972 07/08/2023 C-1 07/08/2023 Books Y-1968
    Dewey Decimal Classification     Non-fiction Asiatic Society Library Asiatic Society Library General Stacks 07/08/2023 ASB Library Collection V-2   954 IND 124973 07/08/2023 C-1 07/08/2023 Books Y-1970

Powered by Koha